| 000 | 01137cam a2200193 4500 | ||
|---|---|---|---|
| 001 | X103597 | ||
| 008 | 000000n2000 000 0 eng u | ||
| 035 | _a(Sirsi) u103597 | ||
| 245 | _aR v Nelson Group Services (Maintenance) Ltd | ||
| 260 | _c2000 | ||
| 490 |
_aWeekly Law Reports _v [1999] 13 August 1999 |
||
| 520 | _aCA 30 July 1999. Health & safety. Statutory offence. Employer's liability. Employees negligently installing gas appliances. Whether acts or omissions of employees constituting conduct by employer of its undertaking. Whether employer conducting undertaking "so far as is reasonably practicable" to avoid risks to other persons. Whether taking "all reasonable steps" to prevent contravention of safety regulations by employees. Health & Safety at Work etc Act 1974. Gas Safety (Installation and Use) Regulations 1994. TAKEN FROM JOURNAL HEADNOTE. | ||
| 650 | _aR V NELSON GROUP SERVICES (MAINTENANCE) LTD | ||
| 650 | _aHEALTH AND SAFETY AT WORK ETC ACT 1974 | ||
| 650 | _aGAS SAFETY (INSTALLATION AND USE) REGULATIONS 1994 | ||
| 650 | _aEMPLOYERS LIABILITY | ||
| 690 |
_aHealth and safety _96244 |
||
| 942 | _n0 | ||
| 999 |
_c62231 _d62231 |
||